Statistics for Hink Pinks #2

Click here to take the quiz!

General Stats

  • This quiz has been taken 156 times
  • The average score is 7 of 14

Answer Stats

DefinitionAnswer% Correct
50% of a gigglehalf laugh
91%
Odorous tummysmelly belly
87%
Inexpensive car horncheap beep
76%
Hornet's patellasbee's knees
74%
Digit's deep sleepnumber slumber
61%
The sun's automobilestar car
61%
Green Jedi's favorite drinkYoda soda
61%
Lego stopwatchblock clock
51%
Consider rosethink pink
51%
Planet relayspace race
48%
Freezing antagonistchillin villain
27%
Wave's wifetide bride
16%
Socializing potato chipPringle mingle
8%
Frugal Ulysses S. Grantthrifty fifty
6%

Score Distribution

Percentile by Number Answered

Percent of People with Each Score

Your Score History

You have not taken this quiz